|
|
|
|
| LEADER |
01939nam a2200493 a 4500 |
| 001 |
nkc20122342930 |
| 003 |
CZ PrNK |
| 005 |
20120316131327.0 |
| 007 |
ta |
| 008 |
120216s2012 xr abefe f 001 0 cze |
| 015 |
|
|
|a cnb002342930
|
| 020 |
|
|
|a 978-80-7462-010-2
|q (brož.)
|
| 035 |
|
|
|a (OCoLC)791321391
|
| 040 |
|
|
|a OLA001
|b cze
|d ABA001
|
| 041 |
1 |
|
|a cze
|h eng
|
| 043 |
|
|
|a a-ls---
|
| 072 |
|
7 |
|a 913(5)
|x Geografie Asie, reálie, cestování
|2 Konspekt
|9 7
|
| 080 |
|
|
|a 913(598)
|2 MRF
|
| 080 |
|
|
|a (036)913
|2 MRF
|
| 100 |
1 |
|
|a Cranmer, Jeff
|7 kv2012686625
|4 aut
|4 com
|
| 245 |
1 |
0 |
|a Laos /
|c napsali a sestavili Jeff Cranmer a Steven Martin ; spolupracovali Emma Gibbsová a Steven Vickers ; [z anglického originálu ... přeložil Radek Beneš]
|
| 246 |
1 |
4 |
|a Turistický průvodce - Laos
|
| 250 |
|
|
|a 1. vyd.
|
| 260 |
|
|
|a Brno :
|b Jota,
|c 2012
|
| 300 |
|
|
|a xvi, 317 s., [8] s. obr. příl. :
|b il. (některé barev.), mapy, plány ;
|c 20 cm
|
| 490 |
1 |
|
|a Průvodce ;
|v sv. 149
|
| 500 |
|
|
|a Česko-laoský slovník
|
| 504 |
|
|
|a Obsahuje bibliografické odkazy a rejstřík
|
| 651 |
|
7 |
|a Laos
|7 ge129766
|2 czenas
|
| 651 |
|
9 |
|a Laos
|2 eczenas
|
| 655 |
|
7 |
|a turistické průvodce
|7 fd133738
|2 czenas
|
| 655 |
|
9 |
|a tourist guidebooks
|2 eczenas
|
| 700 |
1 |
|
|a Martin, Steven,
|d 1962-
|7 xx0096639
|4 aut
|
| 700 |
1 |
|
|a Gibbs, Emma
|7 hka2012688944
|4 ctb
|
| 700 |
1 |
|
|a Vickers, Steven
|7 hka2012688949
|4 ctb
|
| 765 |
0 |
|
|t Rough guides to Laos
|9 Česky
|
| 830 |
|
0 |
|a Průvodce (Jota)
|0 s
|
| 910 |
2 |
|
|a BOA001
|b 1-1281.055
|
| 990 |
|
|
|a BK
|
| 995 |
|
|
|a 01
|
| 991 |
|
|
|b 201203
|c NOV
|j 913(5) PRU LAO
|e n
|g g
|
| 996 |
6 |
|
|b 2610503919
|c 1-1281.055
|l MZK
|r Sklad / do 1 hodiny
|n 1
|p p.v.
|w 001230117
|u 000010
|a 1
|e BOA001
|j MZK50
|s P
|
| 996 |
7 |
|
|b 2610503920
|c 1-1281.055
|l MZK
|r Sklad / do 1 hodiny
|n 0
|p p.v.
|w 001230117
|u 000020
|a 1
|e BOA001
|j MZK50
|s A
|
| 996 |
7 |
|
|b 2610504474
|c 1-1281.055
|l MZK
|r Sklad / do 1 hodiny
|n 16
|p kup
|w 001230117
|u 000030
|a 1
|e BOA001
|j MZK50
|s A
|